LEADER 01339nam a2200289 u 4500 001 000000053114 003 CaOOAMICUS 005 20070226115526.0 008 001108s1964 it ab u000 u fre u 035 $a10860529 040 $aPUL(R)$bita$dIRF 041 1 $afre$hita 100 1 $aTestini, Pasquale,$d1924-1989.$0(OLS)http://pul/name/6946 240 10$aCatacombe cristiane a Roma.$lFrancese.$0(OLS)http://pul/title/71229 245 14$aLes catacombes chrétiennes à Rome /$ctexte du Professeur Pasquale Testini ; introduction d'Antonio Ferrua S.I. 260 $aRoma :$bEnte provinciale per il turismo,$c1964. 300 $a94 p. :$bill., c. geogr. f.t. ;$c18 cm 650 4$aCatacombe$zRoma.$0(OLS)http://pul/subject/10567 650 4$aAntichità cristiane$zItalia$zRoma.$0(OLS)http://pul/subject/10565 651 4$aRoma$xAntichità.$0(OLS)http://pul/subject/2716 700 1 $aFerrua, Antonio,$cS.I.,$d1901-2003.$0(OLS)http://pul/name/4583 850 $aPUL 852 $aPUL$W1$xDP1 Fondo Venturi$y52$m1551 B 38$j70115$nBK-PRI$b $qFondi$B70115$CPULBib$Z2$F70115 $H $81 941 1 $a1 961 $aINV: Fondo Venturi 996 $6245$aLes catacombes chrétiennes à Rome$9(OLS)http://pul/title/71230 996 $6260$aRoma :$bEnte provinciale per il turismo$9(OLS)http://pul/publisher/60273 LEADER 01461nam a2200277 u 4500 001 000000072719 003 CaOOAMICUS 005 20070226122255.0 008 020620s1845 it u000 u ita u 035 $a10934183 040 $aPUL(R)$bita 110 1 $aItalia (Regno, 1805-1814).$0(OLS)http://pul/name/12868 240 10$aLeggi, ecc.$9(Italia (Regno, 1805-1814).$0(OLS)http://pul/title/51655 245 10$aManuale delle leggi, regolamenti e discipline intorno alle strade, alle acque ed alle fabbriche non che ad altri rami relativi alla professione dell'ingegnere ed architetto civile /$ccompilato da Antonio Cantalupi .. 260 $aMilano :$bA. Monti,$c<1845>. 300 $av. <1 > :$bill. ;$c24 cm 504 $aBibliografia in nota. 650 4$aEdilizia$xLegislazione.$0(OLS)http://pul/subject/25560 650 4$aDiritto amministrativo$zItalia.$0(OLS)http://pul/subject/8339 700 1 $aCantalupi, Antonio.$0(OLS)http://pul/name/48114 850 $aPUL 852 $aPUL$W1$xDP1 Antico 800$y27$m831 F 31$j94071$nBK-PRI$b $qStampati Antico$B94071$CPULBib$Z2$F94071 $H $81 941 1 $a15 961 $aINV: 4920 996 $6245$aManuale delle leggi, regolamenti e discipline intorno alle strade, alle acque ed alle fabbriche non che ad altri rami relativi alla professione dell'ingegnere ed architetto civile$9(OLS)http://pul/title/95638 996 $6260$aMilano :$bA. Monti$9(OLS)http://pul/publisher/74084